000 00695nam a2200229Ia 4500
001 8490
003 GE_BSU
008 181216s||||||||xx |||||||||||||| ||und||
040 _cGE_BSU
080 _a821.353.1-1
100 _aზოიძე,შოთა.
245 _aათასი ზარი.
245 _bლექსები.
245 _cრედ:ლ.ბეჟანიძე;მხატვ:გ.ხოჯაშვილი.
260 _aბათუმი.
260 _bსაბჭ.აჭარა.
260 _c1972.
300 _a109გვ;1ფ.პორტრ.13სმ.
653 _aათასი ზარი.
653 _aლექსები.
942 _cBK
999 _c41807
_d41807